[Event "2. Obert de Tardor Barcelona UGA 2014"]
[Site "Barcelona ESP"]
[Date "2014.11.03"]
[Round "5.2"]
[White "Castells Briones, Miquel"]
[Black "Domenech Vallejos, Josep Lluis"]
[Result "1-0"]
[WhiteElo "2170"]
[BlackElo "2176"]
[PlyCount "87"]
[EventDate "2014.10.06"]
[EventType "swiss"]
[EventRounds "8"]
[EventCountry "ESP"]
[Source "lmi"]
[SourceDate "2014.10.06"]

1. d4 Nf6 2. c4 e5 3. dxe5 Ne4 4. a3 d6 5. Nf3 Bf5 6. g3 Nc6 7. Nh4 Be6 8. Bg2
Nc5 9. b4 Nd7 10. exd6 Qf6 11. Ra2 Bxd6 12. Nd2 Qe7 13. Bb2 O-O 14. O-O Rae8
15. Nhf3 Nce5 16. Qa1 f6 17. c5 Nxf3+ 18. Nxf3 Bxc5 19. bxc5 Nxc5 20. Bd4 Bxa2
21. Qxa2+ Kh8 22. Rc1 Ne6 23. Be3 b6 24. Nh4 g6 25. Nf3 c5 26. h4 Rd8 27. Rc4
Ng7 28. Bh6 Rfe8 29. Bxg7+ Kxg7 30. e3 Rd1+ 31. Kh2 Red8 32. Qc2 R1d6 33. Rf4
Rd5 34. Bh3 R5d6 35. Qb2 Rf8 36. Ng5 h6 37. Re4 Qd8 38. Ne6+ Rxe6 39. Rxe6 Rf7
40. h5 gxh5 41. Bf5 Qd5 42. Qc2 Rc7 43. Re8 c4 44. Be6 1-0

[Event "2. Obert de Tardor Barcelona UGA 2014"]
[Site "Barcelona ESP"]
[Date "2014.11.03"]
[Round "5.3"]
[White "Cardenas, Fernando Adrian"]
[Black "Aprea, Daniele"]
[Result "1/2-1/2"]
[WhiteElo "2171"]
[BlackElo "2114"]
[PlyCount "80"]
[EventDate "2014.10.06"]
[EventType "swiss"]
[EventRounds "8"]
[EventCountry "ESP"]
[Source "lmi"]
[SourceDate "2014.10.06"]

1. Nf3 e6 2. d4 f5 3. c4 Nf6 4. g3 Bb4+ 5. Bd2 Qe7 6. Nc3 Bxc3 7. Bxc3 Ne4 8.
Qc2 O-O 9. Bg2 Nxc3 10. Qxc3 d6 11. O-O Nd7 12. Rac1 e5 13. c5 e4 14. cxd6 cxd6
15. Ne1 Nf6 16. Nc2 Be6 17. Ne3 Nd5 18. Nxd5 Bxd5 19. Qa5 Bc6 20. e3 b6 21. Qb4
Rfc8 22. Rc3 Qd7 23. Rfc1 Bb7 24. Bf1 Rxc3 25. Rxc3 Rc8 26. Bc4+ d5 27. Bb5 Bc6
28. Be2 Bb7 29. a4 Rxc3 30. bxc3 Qc7 31. a5 bxa5 32. Qb5 Kf7 33. c4 Qc6 34.
Qxa5 Ba6 35. Kg2 Bxc4 36. Qxa7+ Kf6 37. Bd1 Bb5 38. Qb8 g6 39. Qd8+ Ke6 40.
Qg8+ Kd6 1/2-1/2

[Event "2. Obert de Tardor Barcelona UGA 2014"]
[Site "Barcelona ESP"]
[Date "2014.11.03"]
[Round "5.4"]
[White "Rocher Gonzalez, Vicenç"]
[Black "Massoud, Michel"]
[Result "1-0"]
[WhiteElo "2048"]
[BlackElo "1800"]
[PlyCount "81"]
[EventDate "2014.10.06"]
[EventType "swiss"]
[EventRounds "8"]
[EventCountry "ESP"]
[Source "lmi"]
[SourceDate "2014.10.06"]

1. e4 c6 2. d4 d5 3. Nc3 dxe4 4. Nxe4 Nd7 5. Bc4 Ngf6 6. Qe2 Nxe4 7. Qxe4 Nf6
8. Qd3 e6 9. Nf3 b5 10. Bb3 a6 11. c4 Bb7 12. O-O Be7 13. Re1 O-O 14. c5 Bxc5
15. Bc2 Be7 16. Bg5 g6 17. Bh6 Re8 18. Ne5 c5 19. Qh3 cxd4 20. Nxf7 Qc8 21. Bb3
Bd5 22. Rac1 Qb7 23. Ne5 Bb4 24. Re2 Rac8 25. Rec2 Bd6 26. Bxd5 Qxd5 27. Rxc8
Qxe5 28. Rxe8+ Nxe8 29. Kf1 Nc7 30. f4 Qd5 31. Qf3 Qf5 32. g4 Qf7 33. Kg2 Bf8
34. Bxf8 Kxf8 35. Qe4 Nd5 36. Kg3 d3 37. Qd4 d2 38. Qxd2 Qf6 39. Qf2 Kg7 40. f5
Qf7 41. Qd4+ 1-0

[Event "2. Obert de Tardor Barcelona UGA 2014"]
[Site "Barcelona ESP"]
[Date "2014.11.03"]
[Round "5.5"]
[White "Perez Pastora, Evarist"]
[Black "Cano Sevila, Ivan"]
[Result "1-0"]
[WhiteElo "2258"]
[BlackElo "2010"]
[PlyCount "87"]
[EventDate "2014.10.06"]
[EventType "swiss"]
[EventRounds "8"]
[EventCountry "ESP"]
[Source "lmi"]
[SourceDate "2014.10.06"]

1. e4 c5 2. Nf3 g6 3. d4 cxd4 4. Nxd4 Nc6 5. Nc3 Bg7 6. Be3 Nf6 7. Bc4 Qa5 8.
O-O O-O 9. Bb3 d6 10. f3 Bd7 11. Qd2 Nxd4 12. Bxd4 Bc6 13. Rad1 Qc7 14. Qf2 b6
15. Rfe1 Nd7 16. Bxg7 Kxg7 17. Qd4+ Kg8 18. Kh1 Nc5 19. Bd5 Rac8 20. Rd2 Rfd8
21. f4 e6 22. Bxc6 Qxc6 23. f5 Re8 24. fxg6 fxg6 25. Qxd6 Qxd6 26. Rxd6 Rcd8
27. Red1 Rxd6 28. Rxd6 Kf7 29. Kg1 Ke7 30. Rd2 Rf8 31. Rf2 Rd8 32. Kf1 Rd4 33.
Re2 a6 34. Kf2 b5 35. Ke3 Rd8 36. a3 Nb7 37. Rd2 Rxd2 38. Kxd2 Kd6 39. Ke3 Ke5
40. g3 Nd6 41. b3 Ne8 42. Nd1 Nd6 43. Nf2 h5 44. Nd3+ 1-0

[Event "2. Obert de Tardor Barcelona UGA 2014"]
[Site "Barcelona ESP"]
[Date "2014.11.03"]
[Round "5.6"]
[White "Montero Domenech, Felix"]
[Black "Balague Orduña, Enric"]
[Result "1-0"]
[WhiteElo "1926"]
[BlackElo "2102"]
[PlyCount "63"]
[EventDate "2014.10.06"]
[EventType "swiss"]
[EventRounds "8"]
[EventCountry "ESP"]
[Source "lmi"]
[SourceDate "2014.10.06"]

1. e4 e6 2. Nf3 d5 3. e5 Nh6 4. d4 c5 5. Bxh6 gxh6 6. c3 cxd4 7. cxd4 Nc6 8.
Nc3 Qb6 9. Qd2 Bd7 10. Rc1 Bg7 11. Na4 Qd8 12. Nc5 Rb8 13. Bd3 a6 14. b4 O-O
15. h4 f6 16. Rh3 fxe5 17. Rg3 e4 18. Qxh6 Qe7 19. Nxe4 dxe4 20. Bxe4 Qf6 21.
Qxh7+ Kf7 22. Rxc6 Bxc6 23. Ne5+ Ke8 24. Rf3 Bxe4 25. Qh5+ Ke7 26. Rxf6 Rxf6
27. Qg4 Bf8 28. Qxe4 Rh6 29. Qf3 Rf6 30. Qh5 Bh6 31. Ng4 Rf4 32. Qc5+ 1-0

[Event "2. Obert de Tardor Barcelona UGA 2014"]
[Site "Barcelona ESP"]
[Date "2014.11.03"]
[Round "5.7"]
[White "Gonzalez Martin, Fernando"]
[Black "Pla Carulla, Joaquim"]
[Result "1/2-1/2"]
[WhiteElo "2017"]
[BlackElo "1907"]
[PlyCount "92"]
[EventDate "2014.10.06"]
[EventType "swiss"]
[EventRounds "8"]
[EventCountry "ESP"]
[Source "lmi"]
[SourceDate "2014.10.06"]

1. d4 e6 2. c4 b6 3. Nf3 Bb7 4. Nc3 Nf6 5. Bg5 Be7 6. e3 d5 7. Rc1 Nbd7 8. Bd3
O-O 9. O-O c5 10. a3 dxc4 11. Bxc4 Nh5 12. Bxe7 Qxe7 13. Re1 a6 14. dxc5 Nxc5
15. Bf1 Rfd8 16. Nd4 Qg5 17. b4 e5 18. Nf3 Qf6 19. Qc2 Ne6 20. Be2 Rac8 21. Qb1
Ng5 22. Nxg5 Qxg5 23. Ne4 Qg6 24. Rxc8 Bxc8 25. Nc3 Qxb1 26. Rxb1 Nf6 27. f3
Kf8 28. Kf2 Ke7 29. Rc1 Rd6 30. g4 g5 31. h3 Bb7 32. Na4 Kd7 33. Nb2 Rc6 34.
Rd1+ Kc7 35. Bd3 h6 36. Nc4 e4 37. fxe4 Nxe4+ 38. Bxe4 Rxc4 39. Bxb7 Kxb7 40.
Rd7+ Rc7 41. Rd5 Rc3 42. a4 Rc4 43. Rd7+ Kc6 44. Rxf7 Rxb4 45. Rf6+ Kc7 46. a5
bxa5 1/2-1/2

[Event "2. Obert de Tardor Barcelona UGA 2014"]
[Site "Barcelona ESP"]
[Date "2014.11.03"]
[Round "5.8"]
[White "Busom Isach, Carlos"]
[Black "Real Masdeu, Albert"]
[Result "1-0"]
[WhiteElo "2286"]
[BlackElo "2079"]
[PlyCount "51"]
[EventDate "2014.10.06"]
[EventType "swiss"]
[EventRounds "8"]
[EventCountry "ESP"]
[Source "lmi"]
[SourceDate "2014.10.06"]

1. e4 c5 2. c3 e6 3. d4 d5 4. exd5 exd5 5. Bb5+ Nc6 6. Qe2+ Qe7 7. Bg5 Nf6 8.
Bxf6 gxf6 9. dxc5 Rg8 10. g3 Be6 11. Nf3 Qxc5 12. Nd4 Qd6 13. f4 Be7 14. Nd2
Kf8 15. Nxe6+ fxe6 16. O-O-O Nd8 17. Bd3 Rg7 18. Nf3 f5 19. Rhe1 Bf6 20. Bxf5
Re7 21. Bc2 Nc6 22. Kb1 b5 23. Ne5 Rb8 24. Qh5 Kg8 25. Bxh7+ Rxh7 26. Qg6+ 1-0

[Event "2. Obert de Tardor Barcelona UGA 2014"]
[Site "Barcelona ESP"]
[Date "2014.11.03"]
[Round "5.9"]
[White "Rios Torondell, Jaume"]
[Black "Albert Cristobal, Jorge"]
[Result "1-0"]
[WhiteElo "2109"]
[BlackElo "1982"]
[PlyCount "95"]
[EventDate "2014.10.06"]
[EventType "swiss"]
[EventRounds "8"]
[EventCountry "ESP"]
[Source "lmi"]
[SourceDate "2014.10.06"]

1. e4 Nc6 2. d4 e5 3. dxe5 Nxe5 4. Bf4 Qf6 5. Bg3 Ng6 6. e5 Qb6 7. b3 N8e7 8.
Nf3 Nf5 9. Bd3 Nxg3 10. hxg3 Bc5 11. O-O O-O 12. Nc3 Qe6 13. Ne4 Bb6 14. c4 d6
15. exd6 cxd6 16. Nfg5 Qe5 17. Bc2 Rd8 18. Nf3 Qh5 19. Nc3 Be6 20. Be4 Rab8 21.
Qd2 Ne5 22. Nd5 f5 23. Nf4 Qh6 24. Nxe6 Qxd2 25. Nxd2 fxe4 26. Nxd8 e3 27. Nf3
exf2+ 28. Kh1 Ng4 29. Ne6 Re8 30. Nf4 Nf6 31. Nd5 Nxd5 32. cxd5 Rf8 33. Rac1
Rf5 34. Rc4 Rxd5 35. g4 h5 36. g3 Rd3 37. Kg2 d5 38. Ra4 d4 39. Rxf2 hxg4 40.
Ne5 Rd1 41. Nd7 Bc7 42. Rc4 Bd6 43. Rc8+ Kh7 44. Nf8+ Kh6 45. Rd8 Bc7 46. Rd7
Bb6 47. Rd6+ Kg5 48. Nh7+ 1-0

[Event "2. Obert de Tardor Barcelona UGA 2014"]
[Site "Barcelona ESP"]
[Date "2014.11.03"]
[Round "5.10"]
[White "Vallbona Domingo, Joan"]
[Black "Sanz Ogaya, Mario"]
[Result "0-1"]
[WhiteElo "2081"]
[BlackElo "1891"]
[PlyCount "72"]
[EventDate "2014.10.06"]
[EventType "swiss"]
[EventRounds "8"]
[EventCountry "ESP"]
[Source "lmi"]
[SourceDate "2014.10.06"]

1. Nf3 c5 2. c4 g6 3. g3 Bg7 4. Nc3 Nc6 5. Bg2 e5 6. d3 Nge7 7. a3 O-O 8. Rb1
d6 9. b4 Rb8 10. Bd2 h6 11. b5 Nd4 12. Nxd4 exd4 13. Na4 b6 14. O-O d5 15. Bf4
Rb7 16. h4 Be6 17. Qc1 Kh7 18. Re1 Rd7 19. Nb2 dxc4 20. dxc4 Nc8 21. Kh2 Nd6
22. a4 Re8 23. Bc6 Ree7 24. Bxd7 Qxd7 25. a5 Ne4 26. Nd3 Nc3 27. Rb3 Bxc4 28.
Rxc3 dxc3 29. axb6 axb6 30. Rd1 Qxb5 31. Qc2 Bb3 32. Rb1 Bxc2 33. Rxb5 Bxd3 34.
exd3 c2 35. h5 g5 36. Bd2 Re2 0-1